LEADER 01223nam a2200253 i 4500 001 000000043181 003 CaOOAMICUS 005 20090401000000.0 008 090401s1991 it u000 u ita u 013 $a14351 040 $aSeMil$bita 245 13$aIl Sinodo di Pistoia del 1786 :$batti del convegno internazionale per il secondo centenario, Pistoia-Prato, 25-27 settembre 1986 /$ca cura di Claudio Lamioni. 260 $aRoma :$bHerder,$c1991. 300 $a548 p. ;$c24 cm. 650 4$aGiansenismo.$0(OLS)http://semarc/subject/2623 650 4$aPistoia - Sinodo <1786>.$0(OLS)http://semarc/subject/9205 650 4$aRicci, Scipione : de' .$0(OLS)http://semarc/subject/9206 650 4$aSinodi diocesani - Sec. 18.$0(OLS)http://semarc/subject/2123 700 1 $aLamioni, Claudio.$0(OLS)http://semarc/name/21435 850 $aSeMil 852 $aSeMil$W1$xVenegono$y1$m3A III 250$j9336$B9336$CSeMilBibl$Z2$F9336 $81 961 $aAcquisto: Casa editrice 996 $6245$aIl Sinodo di Pistoia del 1786 :$batti del convegno internazionale per il secondo centenario, Pistoia-Prato, 25-27 settembre 1986$9(OLS)http://semarc/title/63351 996 $6260$aRoma :$bHerder$9(OLS)http://semarc/publisher/29637 LEADER 00959nam a2200241 i 4500 001 000000065057 003 CaOOAMICUS 005 20130710000000.0 008 130710s1988 it u000 u ita u 013 $a36229 040 $aSeMil$bita 100 1 $aPenco, Gregorio,$c.$0(OLS)http://semarc/name/3373 245 10$aMedioevo monastico /$cGregorio Penco. 260 $aRoma :$bPontificio Ateneo S. Anselmo,$c1988. 300 $a586 p. ;$c25 cm. 490 0 $aStudia Anselmiana ;$v96 500 $aContiene : Nota bibliografica. 650 4$aMonachesimo - Storia - Medioevo.$0(OLS)http://semarc/subject/4554 830 0$aStudia Anselmiana ;$v96.$0(OLS)http://semarc/title/54 850 $aSeMil 852 $aSeMil$W1$xVenegono$y1$m2M V 189$j31210$B31210$CSeMilBibl$Z2$F31213 $81 996 $6245$aMedioevo monastico$9(OLS)http://semarc/title/103195 996 $6260$aRoma :$bPontificio Ateneo S. Anselmo$9(OLS)http://semarc/publisher/29636